| 000 | 01179nam0a22003011 4500 | ||
|---|---|---|---|
| 001 | rc\3161114 | ||
| 005 | 20120615105652.1 | ||
| 021 |
_aRU _b76-13474 |
||
| 021 |
_aRU _bРг414-77 |
||
| 035 | _a(NLR Aleph) 007302465 | ||
| 090 |
_a5724838 _c5724838 |
||
| 100 | _a20120615d1976 |||y0rusy50 ca | ||
| 101 | 0 | _arus | |
| 102 | _aRU | ||
| 105 | _aa z |||a| | ||
| 200 | 1 |
_aМальчишки с "птичьего базара" _eПовесть, рассказы _f[Худож. Н. Выхованчук |
|
| 210 |
_aХарьков _cПрапор _d1976 |
||
| 215 |
_a134 с. _cил. _d17 |
||
| 327 | 1 | _aСодерж.: Мальчишки с "птичьего базара"; Катюша; Ночь на Сахалине; В вагоне | |
| 464 | 0 | _12001#$aМальчишки с "птичьего базара"$aКатюша$aНочь на Сахалине$aВ вагоне | |
| 532 | 1 | 3 | _aМальчишки с птичьего базара |
| 700 | 1 |
_aИскин _bА. Ю. _f1927- _gАлександр Юрьевич |
|
| 702 | 1 |
_aВыхованчук _bН. _4440 |
|
| 801 | 0 |
_aRU _bNLR _gpsbo |
|
| 801 | 1 |
_aRU _bELAR _2rusmarc |
|
| 852 |
_aNLR _j76-2/2704 |
||
| 942 | _cBOOK | ||
| 980 | _aNB | ||